Ventily a rozvádzače v technickej praxi

Uložené v:
Podrobná bibliografia
Hlavný autor: Novák, Stanislav, 1988- (Autor)
Ďalší autori: Nánási, Tibor, 1953- (Vedúci práce)
Médium: Rukopis Kniha
Jazyk:Slovak
Vydavateľské údaje: STU v Bratislave MTF UVSM, 2010
Predmet:
On-line prístup:VAIS
Tagy: Pridať tag
Žiadne tagy, Buďte prvý, kto otaguje tento záznam!

MARC

LEADER 00000ntm a22000003a 4500
001 stu207888
005 20160719160231.2
008 100722s2010------------------------slo-d
040 |a STU  |b slo 
041 0 |a slo 
100 1 |a Novák, Stanislav,  |d 1988-  |4 aut  |X 48588  |7 A000048588 
242 0 0 |a Valves and distributors in technical practice  |y eng 
245 1 |a Ventily a rozvádzače v technickej praxi  
260 |b STU v Bratislave MTF UVSM,  |c 2010 
650 7 |a charakteristika  |2 stusub 
650 7 |a nové technológie  |2 stusub 
700 1 |a Nánási, Tibor,  |d 1953-  |4 ths  |u M2000  |U MTF Materiálovotechnologická fakulta  |T MTF Ústav výrobných systémov a aplikovanej mechaniky  |X 249  |U M2000  |Y 82  |7 A000000249 
856 4 |a info a plný text  |u http://is.stuba.sk/zp/portal_zp.pl?podrobnosti=47211  |3 VAIS 
996 |c M*BP-4349  |l MMSKP  |s P  |a 0  |w stu207888_0001